Sports Quiz

Random Sports or NHL Quiz
Score 0/31 Timer 03:00
0 Plays Today
Starting Letter NHL Team % Correct
JJets
90.9%
WWild
85.4%
KKings
84%
BBruins
81%
DDucks
79.4%
BBlues
68.4%
FFlyers
68%
SStars
65.4%
FFlames
64.7%
OOilers
63.5%
DDevils
59.6%
PPenguins
59.5%
IIslanders
59.4%
RRangers
58.8%
SSharks
57.6%
AAvalanche
56.8%
Starting Letter NHL Team % Correct
CCanucks
56.2%
RRed Wings
53.1%
CCanadiens
52.3%
GGolden Knights
50.8%
BBlackhawks
50.7%
BBlue Jackets
50.6%
MMaple Leafs
48.9%
SSenators
47.3%
SSabres
47.1%
LLightning
45%
PPanthers
44.8%
CCapitals
44.8%
HHurricanes
43.4%
CCoyotes
39.7%
PPredators
37.8%
Remove Ads.
Support Sporcle.
Get the best of Sporcle when you Go Orange. This ad-free experience offers more features, more stats, and more fun while also helping to support Sporcle. Thank you for becoming a member.

You're not logged in!

Compare scores with friends on all Sporcle quizzes.
OR
Log In

Show Comments

Extras

Top Quizzes Today


Score Distribution

Your Account Isn't Verified!

In order to create a playlist on Sporcle, you need to verify the email address you used during registration. Go to your Sporcle Settings to finish the process.

Report this User

Report this user for behavior that violates our Community Guidelines.

Details: